[Event "Magistral Mario Dario López"]
[Site "?"]
[Date "2008.03.20"]
[Round "1"]
[White "Coelho, Luis"]
[Black "Sustach, Marco"]
[Result "0-1"]
[WhiteElo "2392"]
[BlackElo "2254"]
[PlyCount "132"]
[EventDate "2008.03.20"]
[SourceDate "2008.03.20"]

1. d4 Nf6 2. c4 c5 3. d5 b5 4. cxb5 a6 5. bxa6 Bxa6 6. g3 d6 7. Bg2 g6 8. Nf3
Bg7 9. Nc3 Nbd7 10. Rb1 O-O 11. O-O Qa5 12. Bd2 Rfb8 13. Qc2 Ng4 14. Rfd1 Qb6
15. h3 Nge5 16. Nxe5 Nxe5 17. b3 Rb7 18. a4 Rab8 19. Be1 Qc7 20. Na2 Kf8 21.
Rdc1 Qb6 22. Kh2 Nd7 23. f4 Bd4 24. e4 Bf6 25. Bc3 Bxc3 26. Qxc3 Kg8 27. e5 Ra7
28. b4 Qc7 29. exd6 exd6 30. Qd2 Bc8 31. Nc3 Ba6 32. b5 Bc8 33. b6 Rxb6 34. Nb5
Qb8 35. Nxa7 Rxb1 36. Rxb1 Qxa7 37. Re1 Nf6 38. Qb2 Qa5 39. Re7 Kg7 40. g4 Qd8
41. Ra7 Kg8 42. Qb8 Nxg4+ 43. Kg1 Qe8 44. Re7 Qxe7 45. Qxc8+ Kg7 46. Qxg4 Qe1+
47. Bf1 Qe3+ 48. Kh2 Qd2+ 49. Kh1 Qxd5+ 50. Qg2 Qd4 51. a5 c4 52. a6 c3 53. Qc2
h5 54. Be2 d5 55. Qd3 Qc5 56. Bd1 d4 57. Kg1 Kf8 58. Kf2 Qa7 59. Bc2 Qc5 60.
Ke2 Kg7 61. Bb3 Qe7+ 62. Kd1 Kh6 63. Qxd4 Kh7 64. a7 Qa3 65. Bc2 Qa6 66. f5 $4
(66. Be4 $18) 66... Qf1# 0-1

[Event "Magistral Mario Dario López"]
[Site "?"]
[Date "2008.03.20"]
[Round "1"]
[White "Pacheco, Daniel"]
[Black "Gutierrez, Carmelo"]
[Result "0-1"]
[WhiteElo "2318"]
[BlackElo "2310"]
[PlyCount "136"]
[EventDate "2008.03.20"]
[SourceDate "2008.03.20"]

1. d4 Nf6 2. Nf3 e6 3. c4 d5 4. g3 dxc4 5. Qa4+ c6 6. Qxc4 b5 7. Qc2 Bb7 8. Bg2
Nbd7 9. O-O c5 10. Nc3 a6 11. Rd1 Rc8 12. d5 Nxd5 13. Nxd5 Bxd5 14. e4 Ba8 15.
Ne5 Rc7 16. Be3 Qc8 17. Nxd7 Rxd7 18. Rxd7 Qxd7 19. Bxc5 Qc6 20. Rc1 Bxc5 21.
Qxc5 Qxc5 22. Rxc5 Kd7 23. f4 Rc8 24. Rxc8 Kxc8 25. Kf2 f6 26. Bh3 Kd7 27. e5
f5 28. Ke3 Bd5 29. a3 h5 30. Kd4 Kc6 31. Bf1 g6 32. Be2 Kb6 33. Bd1 Kc6 34. a4
a5 35. Kc3 Kc5 36. axb5 Kxb5 37. Be2+ Kc5 38. Ba6 Kb6 39. Bd3 Kc5 40. Be2 Bc6
41. Ba6 Bb5 42. Bc8 Kd5 43. b4 axb4+ 44. Kxb4 Be8 45. Kc3 Bc6 46. Kd3 Bb5+ 47.
Ke3 Bc6 48. Kd3 g5 49. fxg5 Kxe5 50. Ke3 h4 51. gxh4 f4+ 52. Kf2 Kf5 53. h3 Be8
54. Ba6 Bh5 55. Bd3+ Ke5 56. Bh7 Be8 57. g6 Kf6 58. h5 e5 59. Bg8 e4 60. Bd5
e3+ 61. Kf3 Bb5 62. Be4 Kg7 63. Kxf4 $4 (63. Bf5 $11) 63... e2 $19 64. Kg5 e1=Q
65. h6+ Kf8 66. g7+ Ke7 67. h7 Qg3+ 68. Kh6 Qh4+ 0-1

[Event "Magistral Mario Dario López"]
[Site "?"]
[Date "2008.04.23"]
[Round "7"]
[White "Gutierrez, Carmelo"]
[Black "Sustach, Marco"]
[Result "0-1"]
[WhiteElo "2310"]
[BlackElo "2254"]
[PlyCount "52"]
[EventDate "2008.03.20"]
[SourceDate "2008.03.20"]

1. e4 c5 2. Nf3 e6 3. d4 cxd4 4. Nxd4 a6 5. Bd3 Qc7 6. O-O Bc5 7. Nb3 Be7 8.
Qg4 g6 9. f4 d5 10. exd5 Nf6 11. Qf3 Nxd5 12. c3 Nd7 13. N1d2 N7f6 14. Ne4 O-O
15. Nxf6+ Nxf6 16. Be3 Bd7 17. Bd4 Bc6 18. Qe3 Bd5 19. Rae1 Bc4 20. Bxc4 Qxc4
21. f5 Nd5 22. Qh6 Bf6 23. fxe6 fxe6 24. Qh3 Rae8 25. Bc5 Rf7 26. Rxe6 $4 (26.
Ba3 $11) 26... Bd4+ $1 0-1